000 01187nam a2200373 i 4500
001 768714001
003 CO-MdFUSB
005 20250515190407.0
008 190415t2012 ck |||| |||| 00| 0 spa d
020 _a9789587157970
040 _aCO-MdFUSB
_bspa
_cCO-MdFUSB
_dCO-MdFUSBC
_erda
041 _aspa
082 _222
_a248.2
_bG888i
100 _aGrün, Anselm,
_eautor
_d1945-
240 _aBilder von Jesus
245 _aImágenes de Jesús
_c/ Anselm Grün ; traducido por María Sylvia García.
264 1 _aBogotá, Colombia :
_bSan Pablo,
_c[2012]
264 4 _c© 2012
300 _a203 páginas
_c; 21 cm
336 _2rdacontent
_atexto
_btxt
337 _2rdamedia
_asin mediación
_bn
338 _2rdacarrier
_avolumen
_bnc
490 _aFe y cultura
504 _aIncluye Bibliografía (páginas 203-204)
505 _a50 Imágenes de Jesús. -- Cómo Jesús transforma mi vida.
563 _aRústico
650 0 _919
_aVida cristiana
650 7 _9239
_aCristología
650 0 _951
_aVida espiritual
653 _aJesucristo -- Imágenes.
700 _91637
_aMaría Sylvia García
_etraductor.
942 _cBK
945 _aElías Tolentino
999 _c64955
_d64955